10 Najwartościowszych Azjatów - Statystyki

Ogólne statystyki
  • Ten quiz został rozwiązany 30 razy
    29 od ostatniego zresetowania
  • Średni wynik to 2 z 10
Statystyki odpowiedzi
Wartość Piłkarz % Poprawnych
64 mln Son
93%
13,5 mln Kubo
45%
8 mln Wu
45%
13,5 mln Lee
17%
10 mln Minamino
17%
14,5 mln Azmoun
14%
16 mln Nakajima
7%
13,5 mln Tomiyasu
7%
8 mln Kamada
3%
10 mln Hwang
0%
Nie znaleziono quizów pasujących do podanych kryteriów
Rozkład punktacji
Procent ludzi z każdym wynikiem
Percentyl według liczby udzielonych odpowiedzi
Twoja historia wyników
Nie rozwiązałeś tego quizu od ostatniego zresetowania